Proyecto de conservación de la tortuga de río Podocnemis lewyana (Registro nro. 8750)

Detalles MARC
000 -CABECERA
Campo de control 00896nam a22002177a 4500
005 - FECHA Y HORA DE LA ULTIMA TRANSACCION
Campo de control 20200104041629.0
008 - ELEMENTOS DE LONGITUD FIJA—INFORMACION GENERAL
Campo de control 141105b ck |||| 00| 0 spa d
020 ## - ISBN
ISBN 34335048
041 ## - IDIOMA
Código de idioma para texto/pista de sonido o título separado Español
044 ## - PAÍS DE PUBLICACIÓN
País de publicación Colombia
090 ## - CLASIFICACIÓN LOCAL
Colección EA
Consecutivo 00139
100 1# - ASIENTO PRINCIPAL--NOMBRE PERSONAL
Nombre personal Gerez-Romero, Isabel
245 10 - MENCION DE TITULO
Título Proyecto de conservación de la tortuga de río Podocnemis lewyana
Parte restante del título en la cuenca baja del Río Claro Cocorná Sur
Mención de responsabilidad Isabel, Romero Gerez
260 ## - PUBLICACION, DISTRIBUCION, ETC. (PIE DE IMPRENTA)
Lugar de publicación, distribución, etc. Antioquia :
Nombre del editor, distribuidor, etc. Corporación Autónoma Regional del Centro de Antioquia-CORANTIOQUIA,
-- Corporación Autónoma Regional de los Ríos Negro y Nare-CORNARE ,
-- Asociación Ambiental Futuro Verde AAFUVER,
Fecha de publicación, distribución, etc. 2011.
300 ## - DESCRIPCION FISICA
Extensión 36 pag.
Otros detalles físicos Fot.
Dimensiones 22 cm.
504 ## - NOTA DE BIBLIOGRAFIA, ETC.
Nota de bibliografía Incluye referencias bibliográficas (pag. 36)
650 ## - ASIENTO SECUNDARIO DE MATERIA - TERMINO TEMATICO
Término temático o nombre geográfico como elemento de entrada Educación Ambiental
650 #6 - ASIENTO SECUNDARIO DE MATERIA - TERMINO TEMATICO
Término temático o nombre geográfico como elemento de entrada Ecología
650 #6 - ASIENTO SECUNDARIO DE MATERIA - TERMINO TEMATICO
Término temático o nombre geográfico como elemento de entrada Conservación de las tortugas
942 ## - ELEMENTOS ADICIONALES (KOHA)
Sistema de clasificación Local
Tipo de ítem Libro
Existencias
Withdrawn status Lost status Sistema de Clasificación Damaged status No para préstamo Colección Inventariado Ubicación Permanente Ubicación actual Fecha de adquisición Fuente de Valor Valor Total Checkouts Número topográfico Inventario / Código de Barras Date last seen Ejemplar Price effective from Forma de adquisición Tipo de material
    Local     Educación Ambiental Inventariado 2017 Sala Fabio Quevedo Sala Fabio Quevedo 05/11/2014 Instituto 39000.00   EA-00139 034960 05/11/2014 Ej. 2 05/11/2014   Libro
    Local     Educación Ambiental Inventariado 2017 Sala Fabio Quevedo Sala Fabio Quevedo 05/11/2014 Instituto 39000.00   EA-00139 034959 05/11/2014 Ej. 1 05/11/2014   Libro